| 000 | 01255nam a2200349 c 4500 | ||
|---|---|---|---|
| 003 | BLK | ||
| 005 | 20241026101557.0 | ||
| 008 | 180408b bul|||||r ||||||| ||bul|| | ||
| 010 | _aKNG00089116000 | ||
| 020 |
_a978-954-585-989-2 _bиздат.: Бард |
||
| 040 | _aBLK | ||
| 041 |
_aBUL _cBUL |
||
| 080 |
_aАмериканска литература (на САЩ) _b821.111(73) _x-312.4 _z821.111(73)-312.4 |
||
| 100 | 1 |
_aДемил, Нелсън _eпърви автор _959765 |
|
| 700 | 1 |
_aБъчваров, Крум _eпрев. _9364186 |
|
| 139 |
_aДемил, Нелсън _bД 40 |
||
| 245 | 1 | 0 |
_aСкъпи Джон! _bРоман _cНелсън Демил; прев. Крум Бъчваров. |
| 257 | _aUSA | ||
| 260 |
_аСофия _bБард _c2009 |
||
| 300 |
_a720 с. _c21 см |
||
| 380 | _aX | ||
| 490 | 1 | _aКралете на трилъра | |
| 500 | _aОриг. загл. The Gate House / Nelson Demille. - Продълж. на романа Златният бряг. | ||
| 653 | _aкрими | ||
| 653 | _aромани | ||
| 852 | _aЦб 243769 | ||
| 856 | 4 |
_qpdf _u |
|
| 856 | 4 |
_qpdf _u |
|
| 942 |
_cKNG _n0 _049 |
||
| 944 |
_aCR _c23.04.2009 _lИваничка Йорданова _k30553 |
||
| 944 |
_aED _c17.10.2011 _lф / _k |
||
| 999 |
_c84530 _d84530 |
||